Statistics for US States Where Voting in Presidential Elections is Easiest

Click here to take the quiz!

General Stats

  • This quiz has been taken 72 times
  • The average score is 8 of 10

Answer Stats

COVIState% Correct
-0.62California
98%
-1.69Oregon
86%
-1.66Washington
84%
-0.71Hawaii
83%
-0.64Vermont
83%
-0.52Massachusetts
81%
-0.85Maryland
76%
-0.69Colorado
74%
-0.93Utah
53%
-0.66North Dakota
40%

Score Distribution

Percentile by Number Answered

Percent of People with Each Score

Your Score History

You have not taken this quiz